| 000 | 00485pab a2200157 454500 | ||
|---|---|---|---|
| 008 | 180718b2007 xxu||||| |||| 00| 0 eng d | ||
| 100 | _aSpencer, James H. | ||
| 245 | _aNeighborhood economic development effects of the earned income tax credit in Los Angeles: poor places and policies for the working poor | ||
| 260 | _c2007 | ||
| 300 | _ap.851-73. | ||
| 362 | _aJul | ||
| 650 | _aEconomic and social development | ||
| 773 | _aUrban Affairs Review | ||
| 908 | _aN | ||
| 909 | _a75539 | ||
| 999 |
_c75539 _d75539 |
||